| 000 | 00385nam a2200157Ia 4500 | ||
|---|---|---|---|
| 008 | 210719s1996 xx 000 0 und d | ||
| 041 | _aeng | ||
| 082 | _a346 TAXI | ||
| 100 | _aTAXPERT | ||
| 245 | _aIndian trusts act 1882 | ||
| 260 |
_aMumbai _bC Jamnadas & Co. _c1996 |
||
| 300 |
_a120 _bPB |
||
| 365 |
_b70 _cRs |
||
| 650 | _aPrivate Law | ||
| 906 | _a1882 ; act ; Indian ; trusts | ||
| 999 |
_c215995 _d215995 |
||